000 01411cam a22003734i 4500
003 PE-LiUPU
005 20250731184108.0
008 150625s r 000 0 d
020 _a8482671200
035 _a(Sirsi) i9788482671208
040 _aPE-LiUPU
_bspa
_cPE-LiUPU
_erda
049 _aPRUA
082 0 4 _a864.6
_bM77
_221
100 1 _aMonroy, Juan Antonio,
_eautor.
245 1 0 _aObras completas.
_n6 /
_cJuan Antonio Monroy.
264 1 _aBarcelona :
_bEditorial Clie,
_c1999.
300 _a395 páginas ;
_c24 centímetros
336 _atext
_2rdacontent
337 _aunmediated
_2rdamedia
338 _avolume
_2rdacarrier
505 0 _aDimenciones mágicas del amor. -Entre la vida y la muerte. -Juicios crítico al catolisismo español.
526 _aP145
526 _aP127
526 _aP97
526 _aP14
526 _aP07
541 _g0001402;
600 1 _aMonroy, Juan Antonio (Literato Español)
_ySiglo XX
_vObras Completas
942 _2ddc
_cBOOK
949 _a864.6 M77 6
_wDEWEY
_c1
_i55097
_lCCODEBUL1
_mBUL
_p16.00
_r0
_sY
_tBOOK
_u2015-6-25
_xTEOLOGIA
_zUNKNOWN
_0COMPRA
_o.STAFF. Colección General
994 _aC0
_bPEPRU
596 _a1
999 _a864.6 M77 6
_wDEWEY
_c43713
_i55097
_f2021-11-9
_g5
_lCCODEBUL1
_mBUL
_p16.00
_r0
_sY
_tBOOK
_u2015-6-25
_xEDUCACION
_zUNKNOWN
_0COMPRA
_o.STAFF. Colección General
_d43713
980 _81
_gALBERTO SANCHEZ Responsable de Automatización